|
|
|
|
| LEADER |
01600nam a22003137a 4500 |
| 001 |
34464 |
| 003 |
BD-DhAAL |
| 005 |
20190401131640.0 |
| 008 |
190401t2018 nyua b 001 0 eng d |
| 999 |
|
|
|c 40601
|d 40601
|
| 020 |
|
|
|a 9780815394433 (hbk)
|
| 020 |
|
|
|a 9781351186070 (ebk)
|
| 040 |
|
|
|a BD-DhAAL
|
| 082 |
|
|
|a 822.33
|2 23
|
| 100 |
|
|
|a Gilvary, Kevin
|9 30987
|
| 245 |
|
|
|a The fictional lives of Shakespeare /
|c Kevin Gilvary
|
| 260 |
|
|
|a New York, NY :
|b Routledge,
|c c2018
|
| 300 |
|
|
|a vi, 245 pages :
|b illustrations ;
|c 24 cm
|
| 490 |
|
|
|a Routledge studies in Shakespeare
|
| 504 |
|
|
|a Includes bibliographical references and index.
|
| 505 |
|
|
|a Biography: much practice, little theory -- Gaps in our ignorance: the biographical material for William Shakespeare -- Inventing the myths: the seventeenth and eighteenth centuries -- Doubting the myths: Malone's unwritten life of Shakespeare -- Filling in the gaps: constructing a life of Shakespeare: 1805-1975 -- Re-imagining the life: Samuel Schoenbaum -- After Schoenbaum -- Inventing a patron: the Earl of Southampton -- Inventing a rival: Ben Jonson.
|
| 526 |
|
|
|a ENH
|
| 541 |
|
|
|a Parama
|e 34464
|
| 600 |
|
|
|a Shakespeare, William,
|d 1564-1616
|9 30988
|
| 650 |
|
|
|a Dramatists, English
|y Early modern, 1500-1700
|x Biography
|9 30989
|
| 830 |
|
|
|a Routledge studies in Shakespeare.
|9 30990
|
| 852 |
|
|
|a Ayesha Abed Library
|c General Stacks
|
| 942 |
|
|
|2 ddc
|c BK
|
| 952 |
|
|
|0 0
|1 0
|2 ddc
|4 0
|6 822_330000000000000_GIL
|7 0
|9 65222
|a BRACUL
|b BRACUL
|c GEN
|d 2019-02-26
|e Parama
|g 8165.00
|l 0
|o 822.33 GIL
|p 3010034464
|r 2019-02-26
|t 1
|v 8165.00
|w 2019-02-26
|y BK
|